000 00432nam a2200145Ia 4500
008 100204s9999 xx 000 0 und d
082 _b13544
100 _aश्रोत्री निशिकांत
245 _aवाटचाल
260 _b"उदयदीप प्रकाशन , मुंबई"
_c1985
300 _a168
630 _aवाटचाल
730 _aवाटचाल
942 _cBOOK
999 _c457976
_d457973